La paz y sus colaboradores / (Record no. 121017)

MARC details
000 -LEADER
campo de control de longitud fija 00427nam a2200145 4500
001 - NÚMERO DE CONTROL
campo de control 121017
003 - IDENTIFICADOR DE NÚMERO DE CONTROL
campo de control ES-MaACL
005 - FECHA Y HORA DE LA ÚLTIMA TRANSACCIÓN
campo de control 20230906191653.0
007 - CAMPO FIJO DE DESCRIPCIÓN FÍSICA--INFORMACIÓN GENERAL
campo de control de longitud fija t|
008 - DATOS DE LONGITUD FIJA--INFORMACIÓN GENERAL
campo de control de longitud fija 070214s1914 mx r ||||1| spa d
100 1# - ENTRADA PRINCIPAL--NOMBRE DE PERSONA
Nombre de persona Ponce de León, Gregorio.
9 (RLIN) 92948
245 13 - MENCIÓN DEL TÍTULO
Título La paz y sus colaboradores /
Mención de responsabilidad, etc. Gregorio Ponce de León.
260 ## - PUBLICACIÓN, DISTRIBUCIÓN, ETC.
Lugar de publicación, distribución, etc. México :
Nombre del editor, distribuidor, etc. [s.n.],
Fecha de publicación, distribución, etc. 1914 (
Fabricante Impr. Secretaría de Fomento)
852 ## - LOCALIZACIÓN
Ubicación ES-MaACL
Número de control de estantería 1514-F-13
Holdings
Estatus retirado Estado de pérdida Estado de daño No para préstamo Colección Biblioteca de origen Biblioteca actual Ubicación en estantería Fecha de adquisición Fuente de adquisición Total de préstamos Signatura topográfica completa Código de barras Visto por última vez Precio de reemplazo Tipo de ítem Koha
        Colección de folletos Biblioteca del Ateneo de Madrid Biblioteca del Ateneo de Madrid Depósito folletos 17/01/2008     1514-F-13 1126127 23/02/2023 23/02/2023 Folleto